000 00647cam a22002293a 4500
001 27114
003 PGUSA
005 20140828083603.0
008 081101s2008||||xxu|||||s|||||000 | eng d
040 _aPGUSA
_beng
042 _adc
050 4 _aD
100 1 _aLord, John,
_d1810-1894
245 1 0 _aAncient States and Empires :
_bFor Colleges and Schools
_h[electronic resource] /
_cJohn Lord
260 _bProject Gutenberg,
_c2008
506 _aPublic domain in the USA.
516 _aElectronic text
653 _aHistory, Ancient
830 0 _aProject Gutenberg
_v27114
856 4 0 _uhttp://www.gutenberg.org/ebooks/27114
942 _cEB
999 _c256369
_d256369